| 000 | 01144nam a2200253 i 4500 | ||
|---|---|---|---|
| 001 | 163847 | ||
| 003 | ES-MaACL | ||
| 005 | 20251012063058.0 | ||
| 008 | 010727s1844 sp |||| | spa d | ||
| 080 | _a321.727 | ||
| 080 | _a329.21(460)"18" | ||
| 080 | _a32(460)"1833/68" | ||
| 100 | 1 |
_aRodríguez Ferrer, Miguel, _d1815-1889 _9131928 |
|
| 245 | 1 | 0 |
_aSin parlamento, no hay ya porvenir para los tronos : _brefutación a el folleto titulado Un monárquico a los parlamentarios, por el autor de la carta Un monárquico al Sr. Martínez de la Rosa / _cpor el licenciado D. Miguel Rodríguez-Ferrerr. |
| 260 |
_aVitoria : _b[s.n.], _c1844 ( _fImp. y Litografía de Egaña y Compañía) |
||
| 300 |
_a122 p. ; _c20 cm. |
||
| 530 | _aDisponible en formato digital. | ||
| 650 | 4 |
_aMonarquía. _915143 |
|
| 650 | 4 |
_aMonarquismo- _zEspaña. _9161105 |
|
| 651 | 7 |
_aEspaña- _xPolítica y gobierno- _y1843-1868 _2 _9168642 |
|
| 852 | 4 |
_aES-MaACL _jT-9-F-4 _z- Enc. hol. _z. - Dedicatoria autógrafa del autor |
|
| 856 | 4 |
_uhttp://bdh-rd.bne.es/viewer.vm?id=0000092293&page=1 _zBiblioteca Digital Hispánica |
|
| 999 |
_c163847 _d163847 |
||